000 00380nam a22001697a 4500
005 20160625103255.0
008 160625b xxu||||| |||| 00| 0 eng d
020 _a81-229-0166-2
041 _aeng
082 _b10113
100 _aSilvia, Tony
_92731
245 _aGlobal News
260 _bSurjeet
_c2004
300 _a191
650 _aMass Communication
_92660
942 _cBK
999 _c3933
_d3932